| 000 | 00626nam a2200205 a 4500 | ||
|---|---|---|---|
| 005 | 20240831063712.0 | ||
| 008 | 080417s2006 es r 000 0 spa d | ||
| 020 | _a8420744778 | ||
| 035 | _aUPN01000155509 | ||
| 049 | _aI | ||
| 050 | 4 |
_aPZ74.9 _bA4.4 |
|
| 100 | 1 |
_aAlonso, Manuel Luis, _d1948- _930691 |
|
| 245 | 1 | 3 |
_aLa isla de las montañas azules / _cManuel L. Alonso ; il. Andrés Guerrero. |
| 260 |
_aMadrid : _bAnaya, _c2006. |
||
| 300 |
_a108 p. : _bil. col. |
||
| 440 | 3 |
_aEl duende verde ; _v51. _pA partir de 10 años |
|
| 650 | 4 |
_aCuentos infantiles españoles _97725 |
|
| 905 | _aInfantil | ||
| 999 |
_c127624 _d127624 |
||